[Event "Oberliga Wuerttemberg 0910"]
[Site "Wuerttemberg"]
[Date "2009.10.11"]
[Round "1.8"]
[White "Diaz, Eduardo"]
[Black "Jetschke, Reiner"]
[Result "0-1"]
[WhiteElo "1993"]
[BlackElo "1766"]
[PlyCount "82"]
[EventDate "2009.10.11"]
[EventType "team-tourn"]
[EventRounds "9"]
[EventCountry "GER"]
[SourceTitle "EXT 2019"]
[Source "ChessBase"]
[SourceDate "2018.10.10"]
[SourceVersion "1"]
[SourceVersionDate "2018.10.10"]
[SourceQuality "1"]
[WhiteTeam "Rommelshausen"]
[BlackTeam "Tuebingen"]
[WhiteTeamCountry "GER"]
[BlackTeamCountry "GER"]

1. e4 c5 2. Nf3 d6 3. d4 cxd4 4. Nxd4 Nf6 5. Nc3 a6 6. Be3 e5 7. Nb3 Be6 8. Qd2 Be7 9. f3 Nbd7 10. g4 Qc7 11. 0-0-0 b5 12. g5 Nh5 13. Nd5 Bxd5 14. exd5 Bd8 15. Kb1 0-0 16. Bh3 Nb6 17. Na5 Nc4 18. Nxc4 bxc4 19. Bg4 c3 20. Qxc3 Qxc3 21. bxc3 Nf4 22. Bxf4 exf4 23. h4 Ba5 24. Rd3 f5 25. gxf6 Rxf6 26. Re1 Rb8+ 27. Kc1 Bb6 28. Re7 Kf8 29. Rd7 Be3+ 30. Kd1 h5 31. Bh3 Rg6 32. c4 Rg1+ 33. Ke2 Rbb1 34. Rb3 Rge1+ 35. Kd3 Rbd1+ 36. Kc3 Bd2+ 37. Kb2 Bc1+ 38. Kc3 Bd2+ 39. Kd4 Bc1+ 40. Rd3 Rxd3+ 41. Kxd3 Re3+ 0-1

[Event "Saarlouis op 5th"]
[Site "Saarlouis"]
[Date "2002.05.25"]
[Round "1"]
[White "Varga, Peter"]
[Black "Jetschke, Reiner"]
[Result "1-0"]
[WhiteElo "2484"]
[BlackElo "1792"]
[PlyCount "77"]
[EventDate "2002.05.??"]
[EventType "swiss"]
[EventRounds "9"]
[EventCountry "GER"]
[SourceTitle "EXT 2006"]
[Source "ChessBase"]
[SourceDate "2005.11.24"]
[SourceVersion "1"]
[SourceVersionDate "2005.11.24"]
[SourceQuality "1"]

1. d4 Nf6 2. c4 g6 3. Nc3 Bg7 4. e4 d6 5. h3 0-0 6. Bg5 Nc6 7. d5 Nb4 8. a3 Na6 9. Bd3 Nc5 10. Bc2 c6 11. Nge2 e5 12. b4 Na6 13. 0-0 Qc7 14. Qd2 Ne8 15. Rad1 f6 16. Be3 Rf7 17. dxc6 bxc6 18. c5 Be6 19. cxd6 Qd7 20. Qd3 Qb7 21. Na4 Rd8 22. Nc5 Nxc5 23. bxc5 f5 24. exf5 gxf5 25. Rb1 Qd7 26. f4 e4 27. Qd2 Nf6 28. Bd4 Nd5 29. Bb3 Re8 30. Bxd5 Bxd5 31. Qe3 Bc4 32. Bxg7 Rxg7 33. Rfc1 Bxe2 34. Qxe2 Rg3 35. Qc4+ Kf8 36. Qd4 Qf7 37. Kh2 Qg6 38. Qh8+ Kf7 39. Rb7+ 1-0